书目信息 |
| 题名: |
放射化学实验方法与技术
|
|
| 作者: | 孟昭兴 主编 | |
| 分册: | ||
| 出版信息: | 北京 北京师范大学出版社 1998 |
|
| 页数: | 340页 | |
| 开本: | 26cm | |
| 丛书名: | ||
| 单 册: | ||
| 中图分类: | O615-33 | |
| 科图分类: | ||
| 主题词: | 放射化学--实验--高等学校--教材 , CT--S020471--放射化学 | |
| 电子资源: | ||
| ISBN: | 7-303-04375-6 | |
| 000 | 01055nam0 2200277 45 | |
| 001 | 012002004056 | |
| 005 | 20031219104111.1 | |
| 010 | @a7-303-04375-6@dCNY23.00 | |
| 100 | @a20020104d1998 em y0chiy0110 ea | |
| 101 | 0 | @achi |
| 102 | @aCN@b110000 | |
| 105 | @ay z 000yy | |
| 106 | @ar | |
| 200 | 1 | @a放射化学实验方法与技术@9fang she hua xue shi yan fang fa yu ji shu@f孟昭兴主编 |
| 210 | @a北京@c北京师范大学出版社@d1998 | |
| 215 | @a340页@d26cm | |
| 300 | @a高等学校教学用书 | |
| 300 | @a北京师范大学教材专著出版委员会 北京师范大学出版社资助 | |
| 314 | @a孟昭兴,北京师范大学高级工程师,主要从事放射化学、放射性药物设计以及放射化学实验方法与技术等方面的教学和研究工作。主编有《放射化学实验方法与技术》等。 | |
| 330 | @a本书共包括63个实验,前13个属于放射化学的基本实验,后50个为标记化合物和放射性药物方面的专门实验。 | |
| 606 | 0 | @a放射化学@x实验@x高等学校@j教材 |
| 606 | 0 | @2CT@3S020471@a放射化学 |
| 690 | @aO615-33@v4 | |
| 701 | 0 | @a孟昭兴@9meng zhao xing@4主编 |
| 801 | @aCN@bTSTC@c20030616 | |
| 905 | @b324148-152@dO615-33@f5@e5 | |
| 放射化学实验方法与技术/孟昭兴主编.-北京:北京师范大学出版社,1998 |
| 340页;26cm |
| 高等学校教学用书.-北京师范大学教材专著出版委员会 北京师范大学出版社资助 |
| ISBN 7-303-04375-6:CNY23.00 |
| 本书共包括63个实验,前13个属于放射化学的基本实验,后50个为标记化合物和放射性药物方面的专门实验。 |
| ● |
| 相关链接 |
|
|
|
|
正题名:放射化学实验方法与技术
索取号:O615-33/5
 
预约/预借
| 序号 | 登录号 | 条形码 | 馆藏地/架位号 | 状态 | 备注 |
| 1 | 0324148 | 203241483 | 第三借阅区/ [索取号:O615-33/5] | 在馆 | |
| 2 | 0324149 | 203241492 | 第三借阅区/ [索取号:O615-33/5] | 在馆 | |
| 3 | 0324150 | 203241508 | 第三借阅区/ [索取号:O615-33/5] | 在馆 | |
| 4 | 0324151 | 203241517 | 第三借阅区/ [索取号:O615-33/5] | 在馆 | |
| 5 | 0324152 | 203241526 | 第二样本阅览室/ [索取号:O615-33/5] | 在馆 |